000 00565nam a2200193Ia 4500
008 151119s9999||||xx |||||||||||||| ||und||
082 _a891.463
082 _bGKKV3854
100 _aआपटे हरीनारायण
245 _aयशवंतराव खरे
260 _a--
260 _b--
260 _c1973
600 _aआपटे हरीनारायण
630 _aयशवंतराव खरे
700 _aआपटे हरीनारायण
730 _aयशवंतराव खरे
942 _cBOOK
999 _c1059330
_d1059327